Quantitative genetics and selection in plant breeding (Record no. 42292)

MARC details
000 -LEADER
fixed length control field 00388nam a2200133Ia 4500
082 ## - DEWEY DECIMAL CLASSIFICATION NUMBER
Classification number 575:311.13
Item number WRI
100 ## - MAIN ENTRY--AUTHOR NAME
Personal name Weber, W Eberhard
245 #0 - TITLE STATEMENT
Title Quantitative genetics and selection in plant breeding
260 ## - PUBLICATION, DISTRIBUTION, ETC. (IMPRINT)
Place of publication Berlin
Name of publisher Walter de Gruyter
Year of publication 1986
650 ## - SUBJECT ADDED ENTRY--TOPICAL TERM
Topical Term Genetic variances estimation
700 ## - ADDED ENTRY--PERSONAL NAME
Personal name Wricke, Gunter
942 ## - ADDED ENTRY ELEMENTS (KOHA)
Koha item type Books
Holdings
Withdrawn status Lost status Damaged status Not for loan Home library Current library Date acquired Cost, normal purchase price Full call number Accession Number Koha item type
        RRII Library RRII Library 16/12/2021 118.00 575:311.13 WRI 22566 Books